000 00434nam a22001457u 4500
008 130405s1972 xxu||||| |||| 00| 0 spa d
041 _aspa
100 1 _aMorcillo González, Casimiro
_929230
245 0 0 _aHacia el encuentro con el Padre
_cCasimiro Morcillo González
260 _aMadrid:
_bAcción Católica,
_c1972
300 _a81 p.
_c;18 cm.
650 0 4 _aPastoral
_xEjercicios espirituales
_914505
942 _cBK
001 68983
999 _c254830
_d254830